Normal view
MARC view
- القرايرى، آمال حمد
Entry Personal Name
001 - CONTROL NUMBER
- control field: 46387
003 - CONTROL NUMBER IDENTIFIER
- control field: JO-AjAnu
005 - DATE AND TIME OF LATEST TRANSACTION
- control field: 20230606081651.0
008 - FIXED-LENGTH DATA ELEMENTS
- fixed length control field: 230606|| aca||aabn | a|a d
040 ## - CATALOGING SOURCE
- Original cataloging agency: JO-AjAnu
- Transcribing agency: JO-AjAnu
100 ## - HEADING--PERSONAL NAME
- Personal name: القرايرى، آمال حمد
670 ## - SOURCE DATA FOUND
- Source citation: Work cat.: (JO-AjAnu)23743: القرايرى، آمال حمد, author, دور قضاء الدولة في تحقيق فاعلية التحكيم : دراسة تأصلية مقارنة بين النظام القضائي المصري - السعودي - الفرنسي - الإيطالي